[Event "Bunratty Masters 27th"]
[Site "Bunratty"]
[Date "2020.02.23"]
[Round "5"]
[White "Reyer, Ulli"]
[Black "Fromm, Marius"]
[Result "0-1"]
[WhiteElo "2092"]
[BlackElo "2189"]
[PlyCount "32"]
[EventDate "2020.02.21"]
[EventType "swiss"]
[EventRounds "6"]
[EventCountry "IRL"]
[SourceTitle "EXT 2023"]
[Source "ChessBase"]
[SourceDate "2022.10.05"]
[SourceVersion "1"]
[SourceVersionDate "2022.10.05"]
[SourceQuality "1"]

1. e4 e5 2. Nf3 Nc6 3. Bc4 Bc5 4. c3 Nf6 5. d3 a6 6. Bb3 Ba7 7. 0-0 d6 8. Re1 0-0 9. h3 h6 10. Nbd2 Nh5 11. Nf1 Qf6 12. Ne3 Nf4 13. Nd5 Nxd5 14. exd5 Ne7 15. d4 exd4 16. Nxd4 Bd7 0-1

[Event "Bunratty Masters 27th"]
[Site "Bunratty"]
[Date "2020.02.21"]
[Round "1"]
[White "Reyer, Ulli"]
[Black "Kanyamarala, Tarun"]
[Result "1-0"]
[WhiteElo "2092"]
[BlackElo "2349"]
[PlyCount "117"]
[EventDate "2020.02.21"]
[EventType "swiss"]
[EventRounds "6"]
[EventCountry "IRL"]
[SourceTitle "EXT 2023"]
[Source "ChessBase"]
[SourceDate "2022.10.05"]
[SourceVersion "1"]
[SourceVersionDate "2022.10.05"]
[SourceQuality "1"]

1. e4 c5 2. Nf3 Nc6 3. Bb5 g6 4. Bxc6 dxc6 5. d3 Bg7 6. h3 Qc7 7. Nc3 e5 8. Be3 b6 9. 0-0 Nf6 10. Qd2 Nh5 11. Bh6 f6 12. Bxg7 Qxg7 13. Kh2 Nf4 14. Ne2 g5 15. Nxf4 gxf4 16. Rg1 Rg8 17. b4 Qh6 18. bxc5 bxc5 19. Qc3 Kf7 20. Qxc5 Rxg2+ 21. Rxg2 Bxh3 22. Nxe5+ fxe5 23. Qxe5 Bxg2+ 24. Kxg2 Rg8+ 25. Kf3 Qh3+ 26. Ke2 f3+ 27. Ke3 Qh6+ 28. Qf4+ Qxf4+ 29. Kxf4 h5 30. Rb1 h4 31. Kxf3 Kf6 32. Rh1 Rh8 33. Kg4 Rg8+ 34. Kf4 Rh8 35. Rh3 Rh5 36. d4 c5 37. c3 cxd4 38. cxd4 Ra5 39. Rxh4 Rxa2 40. f3 a5 41. Rh6+ Kg7 42. Ra6 a4 43. Kf5 a3 44. d5 Ra1 45. f4 a2 46. d6 Rd1 47. Rxa2 Rxd6 48. Ra7+ Kf8 49. e5 Rd4 50. e6 Rb4 51. Ke5 Kg8 52. f5 Rb1 53. Kf6 Rb6 54. Ra8+ Kh7 55. Kf7 Rb5 56. f6 Rb6 57. e7 Rb7 58. Kf8 Kh8 59. Ra1 1-0

[Event "Berlin Spandau op"]
[Site "Berlin"]
[Date "2018.12.27"]
[Round "1"]
[White "Reyer, Ulli"]
[Black "Lalaev, Ashur"]
[Result "1-0"]
[WhiteElo "2161"]
[BlackElo "1635"]
[PlyCount "91"]
[EventDate "2018.12.27"]
[EventType "swiss"]
[EventRounds "7"]
[EventCountry "GER"]
[SourceTitle "CBM 188 Extra"]
[Source "ChessBase"]
[SourceDate "2019.02.26"]
[SourceVersion "1"]
[SourceVersionDate "2019.02.26"]
[SourceQuality "1"]

1. e4 c5 2. Nf3 Nc6 3. Bb5 d6 4. 0-0 a6 5. Bxc6+ bxc6 6. c3 Bg4 7. d4 cxd4 8. cxd4 Nf6 9. Nbd2 Nd7 10. h3 Bh5 11. Qa4 Qb6 12. Re1 Qb5 13. Qc2 e6 14. a4 Qb6 15. Ra3 Qc7 16. Rc3 Rc8 17. d5 c5 18. dxe6 fxe6 19. Ng5 Ke7 20. Qb3 Bf7 21. Nxf7 Kxf7 22. Rf3+ Ke7 23. Nc4 h6 24. Bf4 e5 25. Ne3 Qa5 26. Nf5+ Kd8 27. Rd1 exf4 28. Nxd6 Bxd6 29. Rxd6 Qe1+ 30. Kh2 Qxe4 31. Rfd3 c4 32. Qb6+ Ke7 33. Rxd7+ Kf8 34. Rd8+ Rxd8 35. Rxd8+ Kf7 36. Rxh8 Qe5 37. Qa7+ Kg6 38. Qxa6+ Kf7 39. Qxc4+ Kg6 40. f3 Qg5 41. Qe6+ Kh5 42. Qg4+ Qxg4 43. fxg4+ Kh4 44. Rh7 Kg5 45. Rxg7+ Kh4 46. Rg6 1-0

[Event "Oberliga Nord O 1516"]
[Site "Germany"]
[Date "2016.03.13"]
[Round "8.7"]
[White "Reyer, Ulli"]
[Black "Piersig, Hans Juergen"]
[Result "1/2-1/2"]
[WhiteElo "2155"]
[BlackElo "2114"]
[PlyCount "35"]
[EventDate "2015.09.20"]
[EventType "team-tourn"]
[EventRounds "9"]
[EventCountry "GER"]
[SourceTitle "EXT 2017"]
[Source "ChessBase"]
[SourceDate "2016.10.25"]
[SourceVersion "1"]
[SourceVersionDate "2016.10.25"]
[SourceQuality "1"]
[WhiteTeam "Greifswald"]
[BlackTeam "Potsdam Empor"]
[WhiteTeamCountry "GER"]
[BlackTeamCountry "GER"]

1. e4 e6 2. d4 d5 3. Nc3 Bb4 4. e5 c5 5. a3 Bxc3+ 6. bxc3 Ne7 7. Qg4 Qc7 8. Qxg7 Rg8 9. Qxh7 cxd4 10. Ne2 Nbc6 11. f4 Bd7 12. Qd3 dxc3 13. Nxc3 a6 14. Ne2 Nf5 15. h3 0-0-0 16. g4 Nh4 17. Bd2 Qb6 18. Qb3 1/2-1/2

[Event "Oberliga Nord O 1314"]
[Site "Germany"]
[Date "2014.02.23"]
[Round "7.2"]
[White "Kanarek, Marcel"]
[Black "Reyer, Ulli"]
[Result "1/2-1/2"]
[WhiteElo "2465"]
[BlackElo "2161"]
[PlyCount "49"]
[EventDate "2013.10.13"]
[EventType "team-tourn"]
[EventRounds "9"]
[EventCountry "GER"]
[SourceTitle "EXT 2015"]
[Source "ChessBase"]
[SourceDate "2014.11.20"]
[SourceVersion "1"]
[SourceVersionDate "2014.11.20"]
[SourceQuality "1"]
[WhiteTeam "Ruedersdorf"]
[BlackTeam "Greifswald"]
[WhiteTeamCountry "GER"]
[BlackTeamCountry "GER"]

1. e4 c6 2. d4 d5 3. e5 Bf5 4. Nf3 e6 5. Nbd2 c5 6. dxc5 Bxc5 7. Nb3 Bb6 8. Nfd4 Ne7 9. Bg5 Bg6 10. Bd3 Nbc6 11. Nxc6 bxc6 12. 0-0 Qc7 13. Re1 0-0 14. c4 Bxd3 15. Qxd3 Ng6 16. c5 Ba5 17. Nxa5 Qxa5 18. Qd4 Rab8 19. Bd2 Qb5 20. Bc3 f6 21. Qg4 fxe5 22. Qxe6+ Kh8 23. Bxe5 Nxe5 24. Qxe5 Qxb2 25. Qxb2 1/2-1/2

[Event "Oberliga Nord O 1213"]
[Site "Germany"]
[Date "2013.03.17"]
[Round "8.5"]
[White "Nogly, Christoph"]
[Black "Reyer, Ulli"]
[Result "0-1"]
[WhiteElo "2253"]
[BlackElo "2185"]
[PlyCount "78"]
[EventDate "2012.10.17"]
[EventType "team-tourn"]
[EventRounds "9"]
[EventCountry "GER"]
[SourceTitle "EXT 2015"]
[Source "ChessBase"]
[SourceDate "2014.11.20"]
[SourceVersion "1"]
[SourceVersionDate "2014.11.20"]
[SourceQuality "1"]
[WhiteTeam "Berlin SF"]
[BlackTeam "Greifswald"]
[WhiteTeamCountry "GER"]
[BlackTeamCountry "GER"]

1. d4 Nf6 2. c4 e5 3. dxe5 Ng4 4. a3 Nc6 5. e3 Ngxe5 6. Nc3 a5 7. b3 Bc5 8. Bb2 0-0 9. Nd5 Re8 10. h3 Bf8 11. Qc2 d6 12. 0-0-0 Nb8 13. g4 c6 14. Nc3 Na6 15. Nge2 a4 16. Nxa4 b5 17. cxb5 cxb5 18. Bg2 Rb8 19. Nac3 b4 20. axb4 Nxb4 21. Qb1 Ba6 22. Be4 Rc8 23. Bxh7+ Kh8 24. Bf5 Bxe2 25. Rd4 Qa5 26. Bxc8 Rxc8 27. Qa1 Qc5 28. Kd2 Bb5 29. Qa5 Nf3+ 30. Kc1 Nxd4 31. exd4 Qxd4 32. Qxb5 Na2+ 33. Kb1 Nxc3+ 34. Bxc3 Qe4+ 35. Kb2 Qxh1 36. Qf5 Qc6 37. Bd2 d5 38. g5 Qe6 39. Qf4 Bd6 0-1

[Event "Magdeburg op 20th"]
[Site "Magdeburg"]
[Date "2012.11.04"]
[Round "3"]
[White "Reyer, Ulli"]
[Black "Plat, Vojtech"]
[Result "0-1"]
[WhiteElo "2185"]
[BlackElo "2470"]
[PlyCount "94"]
[EventDate "2012.10.27"]
[EventType "swiss"]
[EventRounds "7"]
[EventCountry "GER"]
[SourceTitle "EXT 2015"]
[Source "ChessBase"]
[SourceDate "2014.11.20"]
[SourceVersion "1"]
[SourceVersionDate "2014.11.20"]
[SourceQuality "1"]

1. e4 d6 2. d4 Nf6 3. Nc3 e5 4. Nf3 Nbd7 5. Bc4 Be7 6. 0-0 0-0 7. Qe2 c6 8. a4 Qc7 9. dxe5 dxe5 10. Nh4 Nc5 11. Nf5 Bxf5 12. exf5 Rad8 13. Be3 Qc8 14. Qf3 a5 15. Rad1 Qc7 16. Qg3 Nce4 17. Nxe4 Nxe4 18. Qg4 Nf6 19. Qg3 b5 20. Be2 bxa4 21. Bh6 Ne8 22. Rxd8 Qxd8 23. Ra1 Qb8 24. Bc1 a3 25. bxa3 Nd6 26. Qh3 Bf6 27. Bd2 Qb6 28. Qb3 Qc7 29. Qa4 Nxf5 30. Bxa5 Qa7 31. Qe4 Nd4 32. Bd3 g6 33. Bc3 Qa4 34. Rb1 c5 35. Qd5 Rd8 36. Qxc5 e4 37. Bxd4 Bxd4 38. Qc7 Bxf2+ 39. Kh1 Qd4 40. Bf1 Qd6 41. Qc4 Qe7 42. a4 Qe5 43. a5 Kg7 44. a6 Ba7 45. Be2 Rd2 46. Rb7 Qa1+ 47. Bf1 Rf2 0-1